000 nam a22 7a 4500
999 _c9447
_d9447
008 180131b ||||| |||| 00| 0 eng d
100 _aMittal, R S
_95662
245 _aNew Course science physics - IX
260 _aNew Delhi
_bArya Publication
_c2007